[Event "Offenes Qualifikationsturnier"]
[Site "Berlin"]
[Date "2012.04.12"]
[Round "7.7"]
[White "Sharenkov, Ilya"]
[Black "Kuester, Manfred"]
[Result "1/2-1/2"]
[WhiteElo "1839"]
[BlackElo "1957"]
[PlyCount "49"]
[EventDate "2012.??.??"]
[WhiteTeam "SG Grün-Weiß Baumschulenweg"]
[BlackTeam "BSC Rehberge 1945"]

1. d4 Nf6 2. c4 c5 3. d5 b5 4. Nd2 bxc4 5. e4 c3 6. bxc3 d6 7. Ngf3 Nbd7 8. Qc2
g6 9. Bd3 Bg7 10. O-O O-O 11. Rb1 e6 12. dxe6 fxe6 13. Ng5 Ne5 14. f4 Nxd3 15.
Qxd3 d5 16. e5 Nh5 17. g3 Qc7 18. Ndf3 Rf5 19. Nh4 Rxg5 20. fxg5 Bxe5 21. Bf4
Nxf4 22. gxf4 Bxf4 23. Nxg6 Bxh2+ 24. Kh1 Bd6 25. Rf3 1/2-1/2

[Event "Offenes Qualifikationsturnier"]
[Site "Berlin"]
[Date "2012.04.12"]
[Round "7.8"]
[White "Viehweger, Martin"]
[Black "Herrmann, Eberhard"]
[Result "1-0"]
[WhiteElo "2042"]
[BlackElo "1855"]
[PlyCount "141"]
[EventDate "2012.??.??"]
[WhiteTeam "SSV Rotation Berlin"]
[BlackTeam "SC Friesen Lichtenberg"]

1. d4 d5 2. c4 c6 3. Nc3 Nf6 4. Nf3 g6 5. Bg5 Bg7 6. e3 a6 7. Rc1 O-O 8. cxd5
cxd5 9. Bd3 Nc6 10. h3 Be6 11. O-O Rc8 12. Na4 Nb4 13. Rxc8 Bxc8 14. Bb1 Qa5
15. a3 Nc6 16. Ne5 Qc7 17. Qc1 Bd7 18. Nxd7 Qxd7 19. Nc5 Qc8 20. Qc3 b6 21. Nb3
Qb7 22. Rc1 Rc8 23. Qe1 Na7 24. Bd3 h6 25. Bf4 a5 26. f3 Nd7 27. a4 e5 28. Bg3
h5 29. Bf2 Bf8 30. Kf1 Nc6 31. Bb5 Nb4 32. Rxc8 Qxc8 33. Qc3 Qd8 34. dxe5 Na2
35. Qd4 Nc5 36. Nxc5 bxc5 37. Qf4 Qe7 38. Bh4 Qc7 39. Be8 d4 40. exd4 cxd4 41.
Bf2 d3 42. Be3 Qe7 43. Bb5 Nb4 44. Qe4 Qd8 45. Bd2 Be7 46. e6 f5 47. Qb7 Qd6
48. Qd7 Qxd7 49. exd7 Bd8 50. Bxb4 axb4 51. b3 Kf8 52. Bxd3 Ke7 53. Bb5 f4 54.
Ke2 g5 55. Kd3 Kd6 56. Kd4 Ba5 57. Kc4 Kc7 58. Kc5 h4 59. Kd5 Kb8 60. Kd6 Bd8
61. Ba6 Bf6 62. Kc5 Be7+ 63. Kc6 Bd8 64. Bc8 Bf6 65. a5 Be7 66. a6 Bd8 67. Bb7
Ba5 68. Kb5 Bd8 69. Kxb4 Kc7 70. Bc8 Kb6 71. Kc4 1-0

[Event "Offenes Qualifikationsturnier"]
[Site "Berlin"]
[Date "2012.04.12"]
[Round "7.9"]
[White "Baranowsky, Peter"]
[Black "Koischwitz, Wanja"]
[Result "1-0"]
[WhiteElo "1954"]
[BlackElo "1838"]
[PlyCount "61"]
[EventDate "2012.??.??"]
[WhiteTeam "SF Berlin 1903"]
[BlackTeam "Queer-Springer SSV Berlin"]

1. c4 Nf6 2. g3 c6 3. Bg2 d5 4. d4 Bg4 5. Nc3 e6 6. Qb3 Qb6 7. c5 Qxb3 8. axb3
Na6 9. Bf4 Nh5 10. Kd2 Nxf4 11. gxf4 g6 12. h3 Bh5 13. f3 Bh6 14. e3 g5 15.
fxg5 Bxg5 16. h4 Bh6 17. Nge2 Rg8 18. Rhg1 f6 19. Bh3 Ke7 20. Bg4 Bf7 21. f4 e5
22. fxe5 fxe5 23. dxe5 Nxc5 24. Nd4 Bg6 25. h5 Be4 26. b4 Raf8 27. bxc5 Rf2+
28. Be2 Ra8 29. Raf1 Rff8 30. Nxe4 Rxf1 31. Rxf1 1-0

[Event "Offenes Qualifikationsturnier"]
[Site "Berlin"]
[Date "2012.04.12"]
[Round "7.10"]
[White "Inngauer, Wolfram"]
[Black "Tscheuschner, Georg"]
[Result "1/2-1/2"]
[WhiteElo "1886"]
[BlackElo "1942"]
[PlyCount "98"]
[EventDate "2012.??.??"]
[WhiteTeam "CFC Hertha 06"]
[BlackTeam "SG Grün-Weiß Baumschulenweg"]

1. c4 c5 2. g3 Nc6 3. Bg2 g6 4. Nc3 Bg7 5. Nf3 e6 6. e4 Nge7 7. O-O O-O 8. d3
d5 9. cxd5 exd5 10. Qb3 d4 11. Nd5 h6 12. Nxe7+ Qxe7 13. Bd2 Be6 14. Qc2 b5 15.
b3 Nb4 16. Qb1 Rac8 17. a3 Nc6 18. Rc1 Kh7 19. Qc2 c4 20. bxc4 bxc4 21. dxc4 d3
22. Qxd3 Bxa1 23. Rxa1 Bg4 24. Qe3 g5 25. h4 Bxf3 26. Bxf3 Ne5 27. Bb4 Qf6 28.
Kg2 Nxf3 29. Qxf3 Qxf3+ 30. Kxf3 Rfd8 31. hxg5 hxg5 32. Rc1 Kg6 33. Ke3 Rd7 34.
f4 f6 35. e5 fxe5 36. fxe5 Kf5 37. Bd6 Rb7 38. Rf1+ Kg4 39. Kd4 Kxg3 40. e6+
Kg2 41. Rf7 Rb1 42. c5 g4 43. Rxa7 Rd1+ 44. Ke5 g3 45. Rg7 Ra1 46. Kf6 Rxa3 47.
Rxg3+ Rxg3 48. Bxg3 Kxg3 49. e7 Kf4 1/2-1/2

[Event "Offenes Qualifikationsturnier"]
[Site "Berlin"]
[Date "2012.04.12"]
[Round "7.11"]
[White "Muench, Robert"]
[Black "Skogvall, Martina"]
[Result "1/2-1/2"]
[WhiteElo "1890"]
[BlackElo "2063"]
[PlyCount "77"]
[EventDate "2012.??.??"]
[WhiteTeam "Treptower SV 1949"]
[BlackTeam "SF Berlin 1903"]

1. e4 e6 2. d4 d5 3. Nc3 Nf6 4. Bg5 dxe4 5. Nxe4 Be7 6. Ng3 b6 7. c3 Bb7 8. Nf3
Nbd7 9. Bb5 O-O 10. O-O c5 11. Qe2 a6 12. Bd3 cxd4 13. Nxd4 Nc5 14. Bc2 h6 15.
Bxf6 Bxf6 16. Rfd1 Bxd4 17. Rxd4 Qc7 18. b4 Qc6 19. f3 Na4 20. c4 f5 21. Bxa4
Qxa4 22. Qxe6+ Kh8 23. Qe7 Bc6 24. Nh5 Rg8 25. Rd6 Rae8 26. Qc7 Bxf3 27. Qxb6
Kh7 28. gxf3 Qc2 29. Rf1 Re2 30. Rf2 Rge8 31. Ng3 Re1+ 32. Kg2 Qc1 33. Qc5 R8e5
34. Rd5 Rg1+ 35. Kh3 Rxg3+ 36. Kxg3 Qg5+ 37. Kh3 Qh5+ 38. Kg2 Qg5+ 39. Kf1
1/2-1/2

[Event "Offenes Qualifikationsturnier"]
[Site "Berlin"]
[Date "2012.04.12"]
[Round "7.12"]
[White "Schmidt, Juergen"]
[Black "Muenstermann, Claudia"]
[Result "1-0"]
[WhiteElo "2035"]
[BlackElo "1792"]
[PlyCount "46"]
[EventDate "2012.??.??"]
[WhiteTeam "SC Kreuzberg"]
[BlackTeam "SC Weisse Dame"]

1. e4 c5 2. Nf3 d6 3. d4 cxd4 4. Nxd4 Nf6 5. Nc3 a6 6. Bc4 e6 7. Bb3 b5 8. a3
Bb7 9. O-O Nbd7 10. Bg5 Be7 11. Bxe6 fxe6 12. Nxe6 Qc8 13. Nxg7+ Kf7 14. Nf5
Bf8 15. Bh6 Nxe4 16. Qh5+ Ke6 17. Nd4+ Ke7 18. Nxe4 Bxh6 19. Qh4+ Kf8 20. Ne6+
Kf7 21. Nxd6+ Kxe6 22. Qxh6+ Ke7 23. Rfe1+ Kd8 1-0

[Event "Offenes Qualifikationsturnier"]
[Site "Berlin"]
[Date "2012.04.12"]
[Round "7.13"]
[White "Sicora, Carsten"]
[Black "Mahler, Sonja"]
[Result "0-1"]
[WhiteElo "1943"]
[BlackElo "1635"]
[PlyCount "120"]
[EventDate "2012.??.??"]
[WhiteTeam "- ohne Verein -"]
[BlackTeam "SC Kreuzberg"]

1. e4 e5 2. Nf3 Nc6 3. Bc4 h6 4. O-O Bc5 5. c3 d6 6. d4 exd4 7. cxd4 Bb6 8. Re1
Bg4 9. e5 d5 10. Bb5 Nge7 11. Be3 O-O 12. Nc3 Bxf3 13. gxf3 Qc8 14. Kh1 Qh3 15.
Rg1 Rad8 16. Rg3 Qh4 17. Rg4 Qh5 18. Ne2 f5 19. Nf4 Qf7 20. Rg2 Kh7 21. h4 Rg8
22. e6 Qe8 23. h5 g5 24. hxg6+ Nxg6 25. Rh2 Nxf4 26. Bxf4 Rg6 27. e7 Qxe7 28.
Bxc6 bxc6 29. Qd2 Qg7 30. Be5 Qg8 31. Bf4 Qg7 32. Be5 Qg8 33. Re1 Re8 34. Qf4
a5 35. Rc1 Rf8 36. a4 Rf7 37. Rh5 Qf8 38. Qh4 Qg8 39. Bf4 Rff6 40. Be5 Rf7 41.
Bf4 Rff6 42. Be5 Rf8 43. Kh2 Rf7 44. Re1 c5 45. Bf4 Qg7 46. Re8 Rff6 47. Be5
Qf7 48. Ra8 cxd4 49. Bxf6 Rxf6 50. Rg5 Rg6 51. Rxg6 Kxg6 52. Qg3+ Kh7 53. Rd8
d3 54. Qe5 Qh5+ 55. Kg1 Qg5+ 56. Kf1 Qxd8 57. Qxf5+ {(=)} Kg7 58. Qxd3 Qh4 59.
Qc2 Qc4+ 60. Qxc4 dxc4 0-1

[Event "Offenes Qualifikationsturnier"]
[Site "Berlin"]
[Date "2012.04.12"]
[Round "7.14"]
[White "Gebigke, Lena"]
[Black "Kostre, Margarita"]
[Result "0-1"]
[WhiteElo "1444"]
[BlackElo "1789"]
[PlyCount "66"]
[EventDate "2012.??.??"]
[WhiteTeam "SV Berolina Mitte"]
[BlackTeam "Schachpinguine Berlin"]

1. d4 Nf6 2. Nf3 g6 3. Nc3 Bg7 4. Bf4 d6 5. h3 O-O 6. e3 b6 7. Be2 Bb7 8. O-O
Nbd7 9. Rc1 Re8 10. Bb5 e5 11. dxe5 dxe5 12. Bxd7 Nxd7 13. Bh2 e4 14. Nd4 Ne5
15. Qe2 Qc8 16. Rfd1 Ba6 17. Qe1 c5 18. Ndb5 Bxb5 19. Nxb5 Qc6 20. a4 a6 21.
Rd6 Qb7 22. Nc3 Nc4 23. Rcd1 Nxd6 24. Rxd6 Rad8 25. Qd1 Rxd6 26. Qxd6 Bf8 27.
Qd5 Qe7 28. Qc6 Qe6 29. Qd5 Qe7 30. Qc6 Qe6 31. Qd5 Bg7 32. Qb3 c4 33. Qb4 Bf8
0-1

[Event "Offenes Qualifikationsturnier"]
[Site "Berlin"]
[Date "2012.04.12"]
[Round "7.15"]
[White "Rohrbach, Stefan"]
[Black "Heerde, Thomas"]
[Result "1-0"]
[WhiteElo "1863"]
[BlackElo "1927"]
[PlyCount "75"]
[EventDate "2012.??.??"]
[WhiteTeam "BSG 1827 Eckbauer"]
[BlackTeam "SC Weisse Dame"]

1. d4 g6 2. Nf3 Bg7 3. Nc3 d6 4. e4 Nf6 5. Be3 O-O 6. Qd2 Ng4 7. Bg5 h6 8. Bh4
c6 9. h3 Nf6 10. Bd3 b5 11. Ne2 Qc7 12. g4 e5 13. Bxf6 Bxf6 14. Qxh6 exd4 15.
Ng5 Bxg5 16. Qxg5 c5 17. Ng3 Nd7 18. O-O-O c4 19. Be2 d3 20. Bxd3 cxd3 21. Rxd3
Ne5 22. Rc3 Qd8 23. Qh6 Qf6 24. f4 Nc4 25. Nh5 Qh8 26. Qg5 Bd7 27. Nf6+ Kg7 28.
Nxd7 Rfe8 29. Qf6+ Kg8 30. Qxh8+ Kxh8 31. Nf6 Re7 32. Rd1 Kg7 33. g5 Rc8 34. b3
Nb6 35. Rxc8 Nxc8 36. Rd5 a6 37. Rd2 Rc7 38. Ne8+ 1-0

[Event "Offenes Qualifikationsturnier"]
[Site "Berlin"]
[Date "2012.04.12"]
[Round "7.16"]
[White "Fartmann, Oliver"]
[Black "Schmidek, Emil"]
[Result "1-0"]
[WhiteElo "1903"]
[BlackElo "1792"]
[PlyCount "53"]
[EventDate "2012.??.??"]
[WhiteTeam "SG Grün-Weiß Baumschulenweg"]
[BlackTeam "TuS Makkabi Berlin"]

1. d4 Nf6 2. c4 g6 3. Nc3 Bg7 4. e4 O-O 5. Be2 d6 6. Be3 Nc6 7. g4 e5 8. d5 Nd4
9. f3 Ne8 10. h4 f5 11. exf5 gxf5 12. g5 f4 13. Bf2 Bf5 14. Bd3 Qe7 15. Ne4 c6
16. Kf1 cxd5 17. cxd5 Nc7 18. Bxd4 exd4 19. Qb3 Kh8 20. Ne2 Qe5 21. Qxb7 Nxd5
22. h5 Ne3+ 23. Kf2 Rfb8 24. Qf7 d5 25. h6 Bf8 26. Nf6 Bd6 27. Qg7# 1-0

[Event "Offenes Qualifikationsturnier"]
[Site "Berlin"]
[Date "2012.04.12"]
[Round "7.17"]
[White "Kersten, Martin"]
[Black "Binder, Thomas"]
[Result "1-0"]
[WhiteElo "1798"]
[BlackElo "1901"]
[PlyCount "61"]
[EventDate "2012.??.??"]
[WhiteTeam "BSG 1827 Eckbauer"]
[BlackTeam "SF Siemensstadt"]

1. e4 d5 2. e5 c5 3. Nf3 Nc6 4. Bb5 Bd7 5. Bxc6 Bxc6 6. b4 e6 7. bxc5 Bxc5 8.
d4 Bb4+ 9. c3 Ba5 10. O-O Rc8 11. a4 Ne7 12. Nfd2 Ng6 13. Nb3 O-O 14. Nxa5 Qxa5
15. Ba3 Rfe8 16. Bb4 Qd8 17. f4 a5 18. Bc5 b6 19. Bd6 Ne7 20. g4 b5 21. f5 bxa4
22. Qd2 exf5 23. gxf5 Qd7 24. Qg5 h6 25. Qf4 Kh7 26. Ra2 Rg8 27. Kh1 Rcf8 28.
Rf3 g5 29. Qg4 Rc8 30. Raf2 Ng6 31. fxg6+ 1-0

[Event "Offenes Qualifikationsturnier"]
[Site "Berlin"]
[Date "2012.04.12"]
[Round "7.18"]
[White "Huels, Marco"]
[Black "Heimbrodt, Birk"]
[Result "1-0"]
[WhiteElo "2058"]
[BlackElo "1785"]
[PlyCount "65"]
[EventDate "2012.??.??"]
[WhiteTeam "SV Motor Wildau"]
[BlackTeam "SSV Rotation Berlin"]

1. e4 d5 2. exd5 Qxd5 3. Nc3 Qa5 4. d4 Nf6 5. Bd3 Bg4 6. Nge2 g6 7. f3 Bd7 8.
O-O Bg7 9. Be3 O-O 10. a3 Nd5 11. Nxd5 Qxd5 12. c4 Qa5 13. b4 Qh5 14. Qd2 e5
15. Be4 exd4 16. Bxd4 Bxd4+ 17. Qxd4 c6 18. Rad1 Be6 19. Nf4 Qg5 20. Nxe6 fxe6
21. Rfe1 Na6 22. Qd7 Rad8 23. Qxe6+ Kh8 24. Rd7 Rde8 25. Qh3 h6 26. Rxb7 Qd2
27. Qh4 Rd8 28. Qf2 Qg5 29. Qb2+ Rf6 30. Bxc6 Nc5 31. bxc5 Qxc5+ 32. Kh1 Qxc6
33. Rf7 1-0

[Event "Offenes Qualifikationsturnier"]
[Site "Berlin"]
[Date "2012.04.12"]
[Round "7.19"]
[White "Koerlin, Hans-Juergen"]
[Black "Hintze, Peter"]
[Result "0-1"]
[WhiteElo "1859"]
[BlackElo "2067"]
[PlyCount "88"]
[EventDate "2012.??.??"]
[WhiteTeam "SC Kreuzberg"]
[BlackTeam "SC Zugzwang 95"]

1. e4 c5 2. Nf3 d6 3. c3 Nf6 4. Bc4 e6 5. Qe2 Be7 6. d4 O-O 7. Bb3 b6 8. Bc2
cxd4 9. cxd4 Ba6 10. Bd3 Bxd3 11. Qxd3 Nc6 12. Bd2 d5 13. e5 Ne4 14. O-O Rc8
15. Nc3 Nxd2 16. Nxd2 Qd7 17. Rac1 Na5 18. f4 Bb4 19. f5 exf5 20. Rxf5 Bxc3 21.
bxc3 Rc6 22. Nf1 Rfc8 23. Ng3 Qe7 24. Ne2 Nc4 25. Rcf1 Rf8 26. Nf4 Qd7 27. e6
Rxe6 28. Rxd5 Nd6 29. Nxe6 Qxe6 30. Rh5 g6 31. d5 Qc8 32. Re5 Nf5 33. d6 Rd8
34. Rd5 Qe6 35. d7 h5 36. Qd2 Kf8 37. Re1 Qc6 38. Re4 b5 39. c4 bxc4 40. Qb4+
Kg7 41. Qxc4 Qb6+ 42. Kf1 Qb1+ 43. Re1 Ne3+ 44. Kf2 Qxe1+ 0-1

[Event "Offenes Qualifikationsturnier"]
[Site "Berlin"]
[Date "2012.04.12"]
[Round "7.20"]
[White "Rausch, Erik"]
[Black "Hohn, August"]
[Result "1/2-1/2"]
[WhiteElo "1838"]
[BlackElo "2046"]
[PlyCount "74"]
[EventDate "2012.??.??"]
[WhiteTeam "- ohne Verein -"]
[BlackTeam "SC Zugzwang 95"]

1. e4 c6 2. d4 d5 3. e5 Bf5 4. Nf3 e6 5. Be2 Ne7 6. O-O Nd7 7. Nh4 Bg6 8. Nxg6
hxg6 9. Nd2 Nf5 10. Nf3 Be7 11. g3 b5 12. a4 a6 13. axb5 axb5 14. Rxa8 Qxa8 15.
c3 b4 16. Qd3 Nb6 17. Bg5 bxc3 18. bxc3 f6 19. Bc1 Kf7 20. Qc2 c5 21. Bb2 Qa4
22. Rc1 Rc8 23. g4 Qxc2 24. Rxc2 Nh6 25. Rd2 Nxg4 26. Ng5+ fxg5 27. Bxg4 Nc4
28. Re2 cxd4 29. cxd4 Rb8 30. Bc3 Rb3 31. Rc2 Bd8 32. Be2 Na3 33. Rc1 g4 34.
Bxg4 Bg5 35. Bd1 {(=)} Rb8 36. Ra1 Nb5 37. Bb2 Rb7 1/2-1/2

[Event "Offenes Qualifikationsturnier"]
[Site "Berlin"]
[Date "2012.04.12"]
[Round "7.58"]
[White "Agapova, Svetlana"]
[Black "Lippianowski, Stefan"]
[Result "1/2-1/2"]
[WhiteElo "1155"]
[BlackElo "1259"]
[PlyCount "88"]
[EventDate "2012.??.??"]
[WhiteTeam "Betriebsschach SK Präsident"]
[BlackTeam "Treptower SV 1949"]

1. e4 e5 2. Nf3 Nc6 3. Bc4 Nf6 4. Ng5 d5 5. exd5 Na5 6. Bb5+ Bd7 7. Bxd7+ Qxd7
8. d4 Nxd5 9. dxe5 O-O-O 10. O-O Nc4 11. Nf3 Bc5 12. Re1 Bb4 13. c3 Bc5 14. Nd4
Rhe8 15. Bg5 Be7 16. Bc1 h6 17. b3 Na5 18. a4 c5 19. Nf3 Qe6 20. Qc2 Nb6 21. c4
Nc6 22. a5 Nb4 23. Qe2 Nd7 24. Nc3 Nb8 25. Be3 N8c6 26. Bc1 a6 27. Rd1 Nxe5 28.
Qxe5 Bf6 29. Qxe6+ Rxe6 30. Rxd8+ Kxd8 31. Bb2 Kc8 32. Rb1 Nc6 33. Nd5 Bxb2 34.
Rxb2 Nxa5 35. h3 f6 36. b4 Nxc4 37. Rc2 b5 38. Ra2 Rd6 39. Ne7+ Kd7 40. Nf5
Rd1+ 41. Kh2 cxb4 42. Rxa6 b3 43. Ra7+ Kc6 44. N5d4+ Kb6 1/2-1/2

[Event "Offenes Qualifikationsturnier"]
[Site "Berlin"]
[Date "2012.04.13"]
[Round "8.1"]
[White "Jaeger, Andre"]
[Black "Schnabel, Ralf"]
[Result "0-1"]
[WhiteElo "2001"]
[BlackElo "2215"]
[PlyCount "82"]
[EventDate "2012.??.??"]
[WhiteTeam "SC Rochade"]
[BlackTeam "ESV Nickelhütte Aue"]

1. d4 f5 2. Bg5 g6 3. Nd2 Bg7 4. e3 Nf6 5. h4 O-O 6. Nh3 d6 7. Nf4 Qe8 8. h5
Nxh5 9. Nxh5 gxh5 10. Bc4+ e6 11. Rxh5 Nd7 12. Qf3 d5 13. Bd3 Nf6 14. Bxf6 Rxf6
15. Qh3 h6 16. O-O-O Bd7 17. Rg1 Bb5 {(=)} 18. Bxb5 Qxb5 19. g4 Rg6 20. g5 Qe2
21. f4 Kf7 22. Qg3 Qxh5 23. Nf3 Rh8 24. Rg2 {(=)} Ke8 25. Rh2 Qg4 26. Qf2 hxg5
27. Rg2 Rh1+ 28. Kd2 Qh5 29. fxg5 Rh3 30. Ng1 Rh1 31. Nf3 a6 32. a4 Kd8 33. b3
Kc8 34. Kc3 Kb8 35. Kb2 Ka7 36. c4 Bf8 37. c5 Be7 38. Qg3 Bd8 39. b4 Rh3 40.
Rh2 Rxg3 41. Rxh5 Rxf3 0-1

[Event "Offenes Qualifikationsturnier"]
[Site "Berlin"]
[Date "2012.04.13"]
[Round "8.2"]
[White "Krefenstein, Sergej"]
[Black "Hoffmann, Peter"]
[Result "0-1"]
[WhiteElo "2006"]
[BlackElo "2040"]
[PlyCount "36"]
[EventDate "2012.??.??"]
[WhiteTeam "TuS Makkabi Berlin"]
[BlackTeam "BSG 1827 Eckbauer"]

1. g3 Nf6 2. Bg2 d5 3. d3 g6 4. b3 Bg7 5. Bb2 O-O 6. Nd2 Ne8 7. Bxg7 Nxg7 8. e4
c6 9. f4 Nd7 10. Ngf3 Qb6 11. Qe2 Nf6 12. Kf1 Ng4 13. Re1 f6 14. Bh3 Ne3+ 15.
Qxe3 Bxh3+ 16. Kf2 e5 17. Ng1 Bg4 18. h3 d4 0-1

[Event "Offenes Qualifikationsturnier"]
[Site "Berlin"]
[Date "2012.04.13"]
[Round "8.3"]
[White "Penner, Markus"]
[Black "Haseloff, Harald"]
[Result "1/2-1/2"]
[WhiteElo "1964"]
[BlackElo "2145"]
[PlyCount "72"]
[EventDate "2012.??.??"]
[WhiteTeam "SK Zehlendorf"]
[BlackTeam "SG Lasker Steglitz-Wilmersdorf"]

1. e4 e5 2. Nf3 Nc6 3. Bc4 Nf6 4. d3 Be7 5. O-O O-O 6. Re1 a6 7. a4 d6 8. Nbd2
Bd7 9. c3 Na5 10. Ba2 c5 11. Nf1 b5 12. axb5 axb5 13. Ne3 Bc6 14. b4 Nb7 15.
Qb3 c4 16. dxc4 bxc4 17. Qxc4 Bxe4 18. Nd2 d5 19. Qe2 d4 20. Nxe4 Nxe4 21. cxd4
Bxb4 22. Nc2 Bxe1 23. Qxe1 Ng5 24. Qxe5 Ra5 25. Bxg5 Qxg5 26. Bxf7+ Rxf7 27.
Rxa5 Qc1+ 28. Ne1 Nxa5 29. Qxa5 Qb2 30. Nf3 Qb1+ 31. Qe1 Qb2 32. h3 h6 {(=)}
33. Qe5 Qa1+ 34. Kh2 Rf6 35. Qe8+ Kh7 36. Qe4+ Kg8 1/2-1/2

[Event "Offenes Qualifikationsturnier"]
[Site "Berlin"]
[Date "2012.04.13"]
[Round "8.5"]
[White "Welz, Peter"]
[Black "Muench, Robert"]
[Result "1-0"]
[WhiteElo "2147"]
[BlackElo "1890"]
[PlyCount "57"]
[EventDate "2012.??.??"]
[WhiteTeam "SV Empor Berlin"]
[BlackTeam "Treptower SV 1949"]

1. e4 e6 2. d4 d5 3. e5 c5 4. c3 Nc6 5. Nf3 Nge7 6. a3 c4 7. Nbd2 Bd7 8. g3 Na5
9. h4 Qb6 10. Bh3 Nb3 11. Nxb3 Ba4 12. Ng5 h6 13. Nxf7 Kxf7 14. Qf3+ Ke8 15.
Nc5 Bd7 16. O-O Kd8 17. Qf7 Qc6 18. Nxe6+ Bxe6 19. Bxe6 Kc7 20. f4 g6 21. Rb1
Rg8 22. Bh3 Re8 23. b3 g5 24. fxg5 hxg5 25. Bxg5 cxb3 26. Rxb3 Bh6 27. Bxe7
Rxg3+ 28. Kh2 Rg7 29. Bd6+ 1-0

[Event "Offenes Qualifikationsturnier"]
[Site "Berlin"]
[Date "2012.04.13"]
[Round "8.6"]
[White "Rohrbach, Stefan"]
[Black "Hahlbohm, Matthias"]
[Result "0-1"]
[WhiteElo "1863"]
[BlackElo "2075"]
[PlyCount "116"]
[EventDate "2012.??.??"]
[WhiteTeam "BSG 1827 Eckbauer"]
[BlackTeam "TSG Oberschöneweide"]

1. d4 f5 2. Bg5 g6 3. Nd2 Bg7 4. e4 fxe4 5. Nxe4 d5 6. Nc5 b6 7. Nb3 Nf6 8. Bd3
O-O 9. Ne2 c5 10. c4 e6 11. O-O b5 12. Nxc5 bxc4 13. Bc2 Na6 14. Rc1 Nxc5 15.
dxc5 Qa5 16. b3 Ba6 17. Re1 cxb3 18. axb3 Rae8 19. Ra1 Bxe2 20. Qxe2 Qxc5 21.
b4 Qxb4 22. Rxa7 Rf7 23. Ra4 Qc5 24. Be3 Qc8 25. h4 Rc7 26. Bd3 e5 27. Bg5 e4
28. Bb5 Rf8 29. Qd1 Rc5 30. Ba6 Qf5 31. Be3 Rc7 32. Be2 h5 33. Ra5 Kh7 34. f3
Rd7 35. g4 Qe5 36. f4 Qc3 37. Qd2 Qxd2 38. Bxd2 Nxg4 39. Bxg4 hxg4 40. Kg2 Re8
41. Kg3 d4 42. h5 e3 43. hxg6+ Kxg6 44. Rg5+ Kf7 45. Rf5+ Kg8 46. Kxg4 Re6 47.
Bc1 Bf8 48. Rg5+ Rg7 49. Kf5 Re8 50. Rh5 Bb4 51. Reh1 e2 52. Kf6 Rf8+ 53. Ke5
Bc3 54. Rh8+ Kf7 55. Rxf8+ Kxf8 56. Ba3+ Ke8 57. Kf6 d3+ 58. Ke6 e1=Q+ 0-1

[Event "Offenes Qualifikationsturnier"]
[Site "Berlin"]
[Date "2012.04.13"]
[Round "8.7"]
[White "Baranowsky, Peter"]
[Black "Sharenkov, Ilya"]
[Result "0-1"]
[WhiteElo "1954"]
[BlackElo "1839"]
[PlyCount "64"]
[EventDate "2012.??.??"]
[WhiteTeam "SF Berlin 1903"]
[BlackTeam "SG Grün-Weiß Baumschulenweg"]

1. c4 Nf6 2. g3 e6 3. Bg2 Be7 4. Nf3 O-O 5. b3 d5 6. Bb2 c5 7. e3 Nc6 8. O-O
Bd7 9. d3 Qc7 10. Nc3 a6 11. Rc1 d4 12. exd4 cxd4 13. Ne2 e5 14. h3 Ne8 15. a3
a5 16. Qd2 f5 17. Rce1 Nf6 18. Nh2 Bc5 19. f4 e4 20. dxe4 d3+ 21. Nd4 Nxd4 22.
Kh1 fxe4 23. b4 axb4 24. axb4 Ba7 25. c5 Ne2 26. Qe3 Nh5 27. Rxe2 dxe2 28. Qb3+
Kh8 29. Re1 Ba4 30. Qe3 Bd1 31. Be5 Qd7 32. g4 Qd3 0-1

[Event "Offenes Qualifikationsturnier"]
[Site "Berlin"]
[Date "2012.04.13"]
[Round "8.8"]
[White "Kersten, Martin"]
[Black "Fartmann, Oliver"]
[Result "0-1"]
[WhiteElo "1798"]
[BlackElo "1903"]
[PlyCount "92"]
[EventDate "2012.??.??"]
[WhiteTeam "BSG 1827 Eckbauer"]
[BlackTeam "SG Grün-Weiß Baumschulenweg"]

1. e4 c5 2. Nf3 Nc6 3. d4 cxd4 4. Nxd4 Qb6 5. Nb3 Nf6 6. Nc3 e6 7. Be3 Qc7 8.
a3 a6 9. Bd3 Be7 10. O-O b5 11. f4 d6 12. Qe1 h5 13. f5 exf5 14. exf5 Ne5 15.
Bg5 Bb7 16. Bxf6 Bxf6 17. Be4 O-O 18. Bxb7 Qxb7 19. Rd1 Nc4 20. Nd5 Bxb2 21. c3
Rfe8 22. Qg3 Kh7 23. Qg5 Re5 24. Qxh5+ Kg8 25. Qf3 Qa7+ 26. Kh1 Ne3 27. Nxe3
Rxe3 28. Qg4 Bxc3 29. f6 g6 30. Nc1 Re6 31. Qh4 Qe3 32. Rd3 Qe1 33. Qf4 Qxf1+
34. Qxf1 Re1 35. Qxe1 Bxe1 36. Rxd6 Bc3 37. Nd3 a5 38. g3 Rb8 39. g4 g5 40. Kg2
b4 41. axb4 axb4 42. Nf2 b3 43. Rd1 b2 44. Rb1 Ra8 45. Ne4 Bd4 46. Nd2 Ra1 0-1

[Event "Offenes Qualifikationsturnier"]
[Site "Berlin"]
[Date "2012.04.13"]
[Round "8.9"]
[White "Hintze, Peter"]
[Black "Kuester, Manfred"]
[Result "1-0"]
[WhiteElo "2067"]
[BlackElo "1957"]
[PlyCount "69"]
[EventDate "2012.??.??"]
[WhiteTeam "SC Zugzwang 95"]
[BlackTeam "BSC Rehberge 1945"]

1. e4 Nc6 2. Nc3 e5 3. Bc4 Nf6 4. Nf3 Be7 5. O-O O-O 6. d4 d6 7. dxe5 Nxe5 8.
Nxe5 dxe5 9. Qe2 c6 10. Bb3 b5 11. a4 b4 12. Nd1 a5 13. Bg5 Ba6 14. Bc4 Bxc4
15. Qxc4 Qd4 16. Ne3 h6 17. Bxf6 Bxf6 18. b3 Qb6 19. Rad1 Rad8 20. Ng4 Rxd1 21.
Rxd1 Rd8 22. Nxf6+ gxf6 23. Rd3 Rd4 24. Rxd4 Qxd4 25. Qxd4 exd4 26. Kf1 Kf8 27.
Ke2 Ke7 28. Kd3 c5 29. Kc4 Kd6 {(=)} 30. f4 Kc6 31. g4 Kd6 32. Kb5 f5 33. gxf5
f6 34. Kc4 h5 35. h4 1-0

[Event "Offenes Qualifikationsturnier"]
[Site "Berlin"]
[Date "2012.04.13"]
[Round "8.10"]
[White "Yankulin, Vladislav"]
[Black "Huels, Marco"]
[Result "0-1"]
[WhiteElo "1954"]
[BlackElo "2058"]
[PlyCount "80"]
[EventDate "2012.??.??"]
[WhiteTeam "- ohne Verein -"]
[BlackTeam "SV Motor Wildau"]

1. e4 c5 2. b4 cxb4 3. a3 d5 4. exd5 Qxd5 5. Nf3 e5 6. Qe2 Nc6 7. Bb2 Bg4 8. c3
bxa3 9. Nxa3 Bxa3 10. Bxa3 Nge7 11. Qb5 Bxf3 12. gxf3 Qxb5 13. Bxb5 O-O-O 14.
Bc5 a6 15. Bc4 Nd5 16. O-O f6 17. Rfb1 Nc7 18. Be3 Rhe8 19. Rb2 f5 20. Bb6 Rd7
21. Rab1 Na8 22. Bc5 b5 23. Bf1 Rd5 24. Be3 f4 25. c4 fxe3 26. cxd5 exf2+ 27.
Kxf2 Nd4 28. Bh3+ Kc7 29. Rc1+ Kd6 30. Rc8 Rxc8 31. Bxc8 a5 32. Ke3 Nb6 33. Bb7
Nc4+ 34. Ke4 Nxb2 35. f4 Nb3 36. fxe5+ Kc7 37. Bc6 Nxd2+ 38. Kf5 Nf3 39. Bxb5
Nd4+ 40. Ke4 Nxb5 0-1

[Event "Offenes Qualifikationsturnier"]
[Site "Berlin"]
[Date "2012.04.13"]
[Round "8.11"]
[White "Skogvall, Martina"]
[Black "Schmalzried, Volker"]
[Result "1-0"]
[WhiteElo "2063"]
[BlackElo "1842"]
[PlyCount "91"]
[EventDate "2012.??.??"]
[WhiteTeam "SF Berlin 1903"]
[BlackTeam "- ohne Verein -"]

1. e4 g6 2. d4 Bg7 3. c3 c5 4. Nf3 cxd4 5. cxd4 Nf6 6. Nc3 d6 7. h3 O-O 8. Bd3
Nc6 9. Be3 Bd7 10. O-O a6 11. Qd2 b5 12. Ne2 Rc8 13. Bh6 Qa5 14. Qe3 Nb4 15.
Bxg7 Kxg7 16. Nf4 Nxd3 17. Qxd3 Bc6 18. d5 Bb7 19. b3 Rc3 20. Qd4 Rfc8 21. Rfe1
Qa3 22. e5 dxe5 23. Rxe5 Rc1+ 24. Rxc1 Rxc1+ 25. Kh2 Qd6 26. g3 Rc5 27. Ng5 Kg8
28. b4 Rc4 29. Qe3 Rc7 30. Qd4 Rd7 31. Ne4 Nxe4 32. Qxe4 e6 33. Qe3 Bxd5 34.
Nxd5 exd5 35. Re8+ Kg7 36. Qd4+ f6 37. a3 Rd8 38. Re3 Rd7 39. Kg2 Qc6 40. Rf3
Qd6 41. Rd3 Qe5 42. Qb6 Rd6 43. Qc7+ Kh6 44. Re3 Re6 45. Rxe5 fxe5 46. Qd7 1-0